Astronauts / Arnold Ringstad.
Available copies
- 2 of 2 copies available at LARL/NWRL Consortium.
- 2 of 2 copies available at Lake Agassiz Regional Library. (Show preferred library)
Current holds
0 current holds with 2 total copies.
Show Only Available Copies
| Location | Call Number / Copy Notes | Barcode | Shelving Location | Status | Due Date |
|---|---|---|---|---|---|
| Climax Public Library | J 629.45 RIN (Text) | 33500014387708 | New | Available | - |
| Fertile Public Library | J 629.45 RIN (Text) | 33500014387716 | New | Available | - |
Record details
- ISBN: 1098298772
- ISBN: 9781098298777
- Physical Description: 128 p. ; 26 cm
- Publisher: Minneapolis, MN : ABDO Publishing Company, 2026.
Content descriptions
| Summary, etc.: | Astronauts takes an in-depth look at the people ... Read More |
| Target Audience Note: | K123. |
Search for related items by subject
| Subject: | Astronauts > Juvenile literature. |
Search for related items by series
| LDR | 01843cam a2200397 4500 | ||
|---|---|---|---|
| 001 | 488897 | ||
| 003 | LARL_NWRL_CONSORTIUM | ||
| 005 | 20260601212311.0 | ||
| 008 | 260129s2026 mnu 000 0 eng d | ||
| 010 | . | ‡a 2025939293 | |
| 040 | . | ‡aCHILD ‡beng ‡cCHILD ‡dOCLCO ‡dIG# ‡dYDX ‡dBDX ‡dOCLCQ ‡dEHH | |
| 019 | . | ‡a1535397174 ‡a1537021087 ‡a1586991552 | |
| 020 | . | ‡a1098298772 | |
| 020 | . | ‡a9781098298777 | |
| 035 | . | ‡a(OCoLC)1570439913 ‡z(OCoLC)1535397174 ‡z(OCoLC)1537021087 ‡z(OCoLC)1586991552 | |
| 082 | 1 | 4. | ‡a629.45 ‡223 |
| 100 | 1 | . | ‡aRingstad, Arnold, ‡eauthor. ‡1https://id.oclc.org/worldcat/entity/E39PCjF3FVYCtyGQPBPckCyR4y |
| 245 | 1 | 0. | ‡aAstronauts / ‡cArnold Ringstad. |
| 264 | 1. | ‡aMinneapolis, MN : ‡bABDO Publishing Company, ‡c2026. | |
| 300 | . | ‡a128 p. ; ‡c26 cm | |
| 336 | . | ‡atext ‡btxt ‡2rdacontent | |
| 337 | . | ‡aunmediated ‡bn ‡2rdamedia | |
| 338 | . | ‡avolume ‡bnc ‡2rdacarrier | |
| 490 | 0 | . | ‡aEarly space encyclopedias |
| 520 | . | ‡aAstronauts takes an in-depth look at the people who fly into space. Readers will learn about the history of space exploration, how astronauts live and work in space, and the amazing machines that launch people into space and return them safely to Earth. Features include a glossary, additional resources, and an index. Aligned to Common Core Standards and correlated to state standards. Early Encyclopedias is an imprint of Abdo Reference, a division of ABDO. | |
| 521 | 2 | . | ‡aK123. |
| 650 | 0. | ‡aAstronauts ‡vJuvenile literature. ‡0(LARL_NWRL_CONSORTIUM)170543 | |
| 936 | . | ‡aBATCHLOAD | |
| 901 | . | ‡a488897 ‡bAUTOGEN ‡c488897 ‡tbiblio | |

Add to basket
Permalink
Disable Highlighting